| 000 | 00907cam a22003015a 4500 | ||
|---|---|---|---|
| 001 | 016131909 | ||
| 003 | OSt | ||
| 005 | 20160309120823.0 | ||
| 008 | 120717s2012 enka frbd 001 0 eng d | ||
| 020 | _a9781850972235 (hbk.) | ||
| 020 | _a1850972230 (hbk.) | ||
| 040 |
_aStDuBDS _beng _cStDuBDS _dUk _dEG-ScBUE |
||
| 082 | 0 | 4 |
_a617.693 _222 _bSET |
| 100 | 1 |
_aSethi, Ashok. _938070 |
|
| 245 | 1 | 0 |
_aPractical implant dentistry : _bthe science and art / _cBy Ashok Sethi, Thomas Kaus. |
| 250 | _a2nd ed. | ||
| 260 |
_aLondon : _bQuintessence Publishing, _cc.2012. |
||
| 300 |
_axi, 396 p. : _bill. (col.) ; _c28 cm. |
||
| 500 | _aPrevious ed.: 2005. | ||
| 500 | _aGlossary : p. 391-392. | ||
| 500 | _aIndex : p. 393-396. | ||
| 504 | _aBibliography : p. 381-389. | ||
| 650 | 7 |
_aDental implants. _2BUEsh _935980 |
|
| 651 | _2BUEsh | ||
| 653 |
_bDDent _cMay2015 |
||
| 700 | 1 | _aKaus, Thomas. | |
| 942 | _2ddc | ||
| 999 |
_c19417 _d19389 |
||